सन्त मलूकदास: (Record no. 40946)
[ view plain ]
| 000 -LEADER | |
|---|---|
| fixed length control field | 01086nam a22002417a 4500 |
| 005 - DATE AND TIME OF LATEST TRANSACTION | |
| control field | 20100811124631.0 |
| 010 ## - LCCN (DPL NO) | |
| LC control number | HIN-90282 |
| 020 ## - INTERNATIONAL STANDARD BOOK NUMBER | |
| Terms of availability | 275.00 |
| International Standard Book Number | 97891005004 |
| 035 ## - SYSTEM CONTROL NUMBER | |
| System control number | HN-62628 |
| 037 ## - SOURCE OF ACQUISITION | |
| Source of stock number/acquisition | DBAD / PUB |
| 082 ## - DEWEY DECIMAL CLASSIFICATION NUMBER | |
| Classification number | 920 |
| 100 ## - MAIN ENTRY--PERSONAL NAME | |
| Personal name | वंशी, बलदेव |
| 245 ## - TITLE STATEMENT | |
| Title | सन्त मलूकदास: |
| Statement of responsibility, etc | बलदेव वंशी |
| Remainder of title | परिचय एंव मूल्यांकन / |
| 246 ## - VARYING FORM OF TITLE | |
| Title proper/short title | Sant Malookdas |
| Remainder of title | by Baldev Vanshi |
| 260 ## - PUBLICATION, DISTRIBUTION, ETC. (IMPRINT) | |
| Place of publication, distribution, etc | नई दिल्ली (भारत) |
| Name of publisher, distributor, etc | श्री शिव बजरंग प्रकाशन |
| Date of publication, distribution, etc | 2010 |
| 270 ## - ADDRESS | |
| Address | डबल्यू-जेड-14, दयाल सर कालोनी, उत्तम नगर |
| City | नई दिल्ली (भारत) |
| Postal code | 110059 |
| 300 ## - PHYSICAL DESCRIPTION | |
| Extent | 189पृ |
| Dimensions | 22सेमी (सजिल्द) |
| 700 ## - ADDED ENTRY--PERSONAL NAME | |
| 9 (RLIN) | 7228 |
| 700 ## - ADDED ENTRY--PERSONAL NAME | |
| 9 (RLIN) | 7267 |
| 700 ## - ADDED ENTRY--PERSONAL NAME | |
| 9 (RLIN) | 7698 |
| 942 ## - ADDED ENTRY ELEMENTS (KOHA) | |
| Institution code [OBSOLETE] | dpl |
| Item type | Hindi Books |
| Call number prefix | |
| Source of classification or shelving scheme | Dewey Decimal Classification |
| Call number suffix | वंशीब |
| Classification part | 920 |
| Withdrawn status | Lost status | Not for loan | Collection code | Home library | Current library | Date acquired | Source of acquisition | Cost, normal purchase price | Full call number | Barcode | Copy number | Cost, replacement price | Koha item type |
|---|---|---|---|---|---|---|---|---|---|---|---|---|---|
| Not For Loan | Non-fiction | D.B.Act.Division | D.B.Act.Division | 11/08/2010 | DBAD / PUB | 275.00 | 920 वंशीब | HN-62628 | 1 | 275.00 | Hindi Books |
